Advertising its place in political & managerial economics

Na minha lista:
Detalhes bibliográficos
Autor principal: Reekie, W. Duncan
Formato: Livro
Idioma:Undetermined
Publicado em: London Macmillan 1974
Assuntos:
Tags: Adicionar Tag
Sem tags, seja o primeiro a adicionar uma tag!
Thư viện lưu trữ: Trung tâm Học liệu Trường Đại học Cần Thơ
LEADER 00492nam a2200181Ia 4500
001 CTU_99557
008 210402s9999 xx 000 0 und d
082 |a 659.1 
082 |b R322 
100 |a Reekie, W. Duncan 
245 0 |a Advertising its place in political & managerial economics 
245 0 |c W. Duncan Reekie 
260 |a London 
260 |b Macmillan 
260 |c 1974 
650 |a Advertising 
904 |i Tuyến 
980 |a Trung tâm Học liệu Trường Đại học Cần Thơ